000 00441nam a2200181Ia 4500
001 630
005 20260306140532.0
008 260306t2007||||xx |||||||||||||| ||spa||
041 _aESP
082 _a128
_bS79 V. 3
100 _aStein, Edith
_eAUT
245 0 _aEscritos filosóficos :
_b(etapa de pensamiento cristiano: 1921-1936)
260 _c2007
300 _a
_c23 cm.
650 _aGEN
654 _aCHU
942 _cLIB
_dJUS
_fJUS
_2ddc
_n
999 _c630
_d630